Zákon o štátnom rozpočte na rok 2009
Zákon o štátnom rozpočte (ŠR) na rok 2009. Rozpočet verejnej správy. Štátny rozpočet na rok 2009 - príjmy, výdavky, schodok, rozpočet obcí a VÚC, rezervy. Splnomocnenie na úpravu záväzných ukazovateľov ŠR. Štátny príspevok. Splácanie štátneho dlhu. Platy a platové tarify. Prehľad očakávaných dopadov...
Gespeichert in:
| Format: | Buchkapitel |
|---|---|
| Sprache: | Slowakisch |
| Schlagworte: | |
| Tags: |
Keine Tags, Fügen Sie das erste Tag hinzu!
|
MARC
| LEADER | 00000naa$a2200000$$$4500 | ||
|---|---|---|---|
| 001 | 0091140 | ||
| 005 | 20231120113333.5 | ||
| 041 | 0 | |a slo | |
| 044 | |a SK | ||
| 245 | 1 | 0 | |a Zákon o štátnom rozpočte na rok 2009 |
| 520 | |a Zákon o štátnom rozpočte (ŠR) na rok 2009. Rozpočet verejnej správy. Štátny rozpočet na rok 2009 - príjmy, výdavky, schodok, rozpočet obcí a VÚC, rezervy. Splnomocnenie na úpravu záväzných ukazovateľov ŠR. Štátny príspevok. Splácanie štátneho dlhu. Platy a platové tarify. Prehľad očakávaných dopadov. Oblasti výdavkov. | ||
| 610 | 2 | 0 | |a rozpočet štátny |
| 610 | 2 | 0 | |a rozpočty verejné |
| 610 | 2 | 0 | |a príjmy rozpočtu štátneho |
| 610 | 2 | 0 | |a výdavky rozpočtu štátneho |
| 610 | 2 | 0 | |a rezervy |
| 610 | 2 | 0 | |a dlhy |
| 610 | 2 | 0 | |a platy |
| 610 | 2 | 0 | |a zákony |
| 610 | 2 | 0 | |a 2009 |